Fast Ionic Transport Systems 2025 : 86th Prague Meeting on Macromolecules : 16th International Symposium on Systems with Fast Ionic Transport : 24-28 August 2025, Prague : book of abstracts and programme

Korporativní autor: Ústav makromolekulární chemie (Akademie věd ČR)
Další autoři: Fast Ionic Transport Systems (konference), Mezinárodní unie pro čistou a užitou chemii, European Polymer Federation, Česká společnost chemická
Jazyk: Čeština
Vydáno: Prague : Institute of Macromolecular Chemistry, Czech Academy of Sciences, [2025]
Témata:
Fyzický popis: 126 stran : ilustrace ; 21 cm
Knihy
Uloženo v:
LEADER 02661nam a2200601 i 4500
001 nkc20253705900
003 CZ PrNK
005 20251010083129.0
007 ta
008 250915t20252025xr a f 101 0 cze
015 |a cnb003705900 
020 |a 978-80-85009-98-9  |q (brožováno) 
035 |a (OCoLC)1544835666 
040 |a ABA001  |b cze  |e rda 
072 7 |a 544  |x Fyzikální chemie  |2 Konspekt  |9 10 
080 |a 54-128  |2 MRF 
080 |a 538.93  |2 MRF 
080 |a 544.777  |2 MRF 
080 |a (062.534)  |2 MRF 
080 |a (048.3)  |2 MRF 
111 2 |a Fast Ionic Transport Systems (konference)  |d (2025 :  |c Praha, Česko)  |7 ko20251273375  |4 aut 
245 1 0 |a Fast Ionic Transport Systems 2025 :  |b 86th Prague Meeting on Macromolecules : 16th International Symposium on Systems with Fast Ionic Transport : 24-28 August 2025, Prague : book of abstracts and programme 
246 3 0 |a Prague Meeting on Macromolecules 
246 3 0 |a International Symposium on Systems with Fast Ionic Transport 
264 1 |a Prague :  |b Institute of Macromolecular Chemistry, Czech Academy of Sciences,  |c [2025] 
264 4 |c ©2025 
300 |a 126 stran :  |b ilustrace ;  |c 21 cm 
336 |a text  |b txt  |2 rdacontent 
337 |a bez média  |b n  |2 rdamedia 
338 |a svazek  |b nc  |2 rdacarrier 
500 |a Nad názvem: Institute of Macromolecular Chemistry, Czech Academy of Sciences, International Union of Pure and Applied Chemistry, European Polymer Federation, Czech Chemical Society 
504 |a Obsahuje bibliografické odkazy a rejstřík 
650 0 7 |a ionty  |7 ph561151  |2 czenas 
650 0 7 |a transportní jevy  |7 ph126718  |2 czenas 
650 0 7 |a makromolekulární systémy  |7 ph239916  |2 czenas 
650 0 9 |a ions  |2 eczenas 
650 0 9 |a transport processes  |2 eczenas 
650 0 9 |a macromolecular systems  |2 eczenas 
655 7 |a sborníky konferencí  |7 fd133333  |2 czenas 
655 7 |a abstrakta  |7 fd131780  |2 czenas 
655 9 |a proceedings of conferences  |2 eczenas 
655 9 |a abstracts  |2 eczenas 
710 2 |a Ústav makromolekulární chemie (Akademie věd ČR)  |7 kn20030303006  |4 orm  |4 isb 
710 2 |a Mezinárodní unie pro čistou a užitou chemii  |7 kn20010724320  |4 orm 
710 2 |a European Polymer Federation  |7 kn20021011027  |4 orm 
710 2 |a Česká společnost chemická  |7 kn20010725033  |4 orm 
910 2 |a BOA001  |b 2-1548.718 
928 9 |a Ústav makromolekulární chemie Akademie věd České republiky 
928 9 |a Akademie věd České republiky, Ústav makromolekulární chemie 
990 |a BK 
995 |a 01 
991 |b 202509  |c NOV 
996 6 |b 2611013061  |c 2-1548.718  |l MZK  |r Sklad / do 1 hodiny  |n 0  |p p.v.  |w 002017584  |u 000010  |a 1  |e BOA001  |j MZK50  |s P